000 00548nam a22001937a 4500
003 KOHA_MİRAKIL
005 20251221171226.0
008 251221b tu ||||| |||| 00| 0 tur d
020 _a9786256385931
040 _aTR-AnABB
_btur
_cTR-AnABB
041 _atur
082 _a355.0561
_bTUR 2023
100 1 _aAteş, Barış,
245 1 0 _aTürkiye'de askeri yenilik /
_cBarış Ateş
260 _aİstanbul :
_bVakıfbank Kültür Yayınları,
_c2023
300 _a383 sayfa ;
_c21 cm
650 0 4 _aAskeri yenilik
942 _2ddc
_cBK
999 _c9882
_d9882
900 _bGizem YORULMAZ